Multiple Choice Tier-Quiz: Großer Panda - Statistiken

Allgemein
  • Dieses Quiz wurde 8 mal gespielt
    4 seit der letzten Aktualisierung
  • Das Durchschnittsergebnis liegt bei 6 aus 10
Antwortstatistiken
Frage Antwort % Korrekt
Wo lebt der Große Panda? China
100%
Wie heißt der Große Panda, der im DreamWorks-Animationsfilm "Kung Fu Panda" zum Drachenkrieger ausgebildet wird? Po
100%
Man würde es vielleicht nicht direkt vermuten, aber Große Pandas gehören tatsächlich zu den... Raubtieren
75%
Neben der bekannten Nominatform des Großen Pandas gibt es auch noch den erst 2005 beschriebenen Qinling-Panda. Wodurch zeichnet sich diese Unterart aus? Sie ist bekannt für ihr braun-weißes Fell
75%
Große Pandas halten... Weder Winterschlaf noch Winterruhe
75%
Neugeborene Pandabären wiegen... 90-130 g
50%
Große Pandas... sind Einzelgänger
50%
Wie viel Zeit verbringen Große Pandas pro Tag mit Fressen? Bis zu 16 Stunden
25%
Wie alt können Große Pandabären in freier Wildbahn werden? bis zu 20 Jahre
25%
Große Pandas können (sich) nicht... auf die Hinterbeine stellen
0%
Keine übereinstimmenden Quizze gefunden
Verteilung der Resultate
Anzahl Personen mit jedem Resultat
Perzentil nach korrekt beantworteten Fragen
Ihre Resultats-Entwicklung
Sie haben dieses Quiz seit der letzten Aktualisierung nicht gespielt